Paribesh adhyayan (Record no. 1559)

MARC details
000 -LEADER
fixed length control field 00507cam a2200193ua 4500
008 - FIXED-LENGTH DATA ELEMENTS--GENERAL INFORMATION
fixed length control field 110921n ii |||gr||||Z||||||eng
040 ## - CATALOGING SOURCE
Transcribing agency MAIN
082 ## - DEWEY DECIMAL CLASSIFICATION NUMBER
Classification number 363.7
100 ## - MAIN ENTRY--PERSONAL NAME
Personal name Dutta, Prasanna Kr.,
Relator term
245 1# - TITLE STATEMENT
Title Paribesh adhyayan
Statement of responsibility, etc. by Prasanna Kr. Dutta
250 ## - EDITION STATEMENT
Edition statement 1st.
260 ## - PUBLICATION, DISTRIBUTION, ETC.
Place of publication, distribution, etc. Jorhat:
Name of publisher, distributor, etc. Unika Prakashan,
Date of publication, distribution, etc. 2004.
300 ## - PHYSICAL DESCRIPTION
Extent 256p:
Dimensions 23cm.
700 ## - ADDED ENTRY--PERSONAL NAME
Personal name Ahmed, Rafique ,
Relator term
700 ## - ADDED ENTRY--PERSONAL NAME
Personal name Chaliha, Sumbit,
Relator term
942 ## - ADDED ENTRY ELEMENTS (KOHA)
Koha item type Books
653 ## - INDEX TERM--UNCONTROLLED
Uncontrolled term Environmental studies
Holdings
Withdrawn status Lost status Damaged status Not for loan Home library Current library Shelving location Date acquired Total Checkouts Full call number Barcode Date last seen Date last checked out Copy number Price effective from Koha item type Source of classification or shelving scheme Collection code Cost, normal purchase price
        Central Library, Naharkatiya College Central Library, Naharkatiya College General Stacks 19/09/2020 4 363.7 | DUT 3324 26/05/2023 09/05/2023 1 19/09/2020 Books      
        Central Library, Naharkatiya College Central Library, Naharkatiya College General Stacks 19/09/2020 1 363.7 | DUT 3331 28/05/2022 02/05/2022 2 19/09/2020 Books      
        Central Library, Naharkatiya College Central Library, Naharkatiya College General Stacks 11/05/2022 12 363.7 15792 06/05/2025 06/03/2025 3 11/05/2022 Books Dewey Decimal Classification Assamese 100.00

Naharkatiya College © 2020. All rights reserved.

Powered By